000
00148nam a22000857a 4500
082
_a
001
100
_a
ZUBIR
245
_a
BRAIN GYMNASTRIES
942
_c
BK
999
_c
8457
_d
8457